| 000 | 01295nam a22003257a 4500 | ||
|---|---|---|---|
| 001 | 0042908 | ||
| 003 | KOHA_MİRAKIL | ||
| 005 | 20260207003329.0 | ||
| 007 | ta | ||
| 008 | 130903b2010 tu |||gr||||#||||0|tur | | ||
| 020 | _a9789758431877 | ||
| 040 |
_aTR-BiSEU _btur _cTR-BiSEU _erda |
||
| 041 | 0 | _atur | |
| 044 | _ctu | ||
| 050 |
_aQD253.2 _b.S65 2010 |
||
| 100 | 1 | _aSolomons, Graham. | |
| 245 | 1 |
_aOrganik kimya/ _cGraham Solomons ; Graham Solomons, Craig Fryhle; çeviri editörleri Gürol Okay, Yılmaz Yıldırır; ceviri kurulu Ahmet Akar, Hüseyin Anıl, Orhan Bilgiç, Sevim Bilgiç, Necdet Çoşkun, İsmail Gümrükçüoğlu, İbrahim Karataş, Gürol Okay, Atilla Öktemer, Refik Özkan, Hasan Seçen, Mustafa Toprak, Tahsin Uyar, Nurettin Yaylı, Mustafa Yılmaz, Yılmaz Yıldırır, Ayşe Yusufoğlu. |
|
| 250 | _a7. bs. | ||
| 264 | 1 |
_aİstanbul : _bLiteratür _c2010 |
|
| 300 |
_aXXXIV, 1258, [50] sayfa ; _c21 cm. + _e1 CD-ROM |
||
| 336 |
_ametin _btxt _2rdacontent |
||
| 337 |
_aaracısız _bn _2rdamedia |
||
| 338 |
_acilt _bnc _2rdacarrier |
||
| 490 | 1 |
_aLiteratür yayınları ; _v84. |
|
| 500 | _aDizin var. | ||
| 650 | 0 |
_aOrganik kimya. _950101 |
|
| 650 | 0 |
_aOrganic chemistry. _950387 |
|
| 830 | 1 |
_aLiteratür yayınları ; _v84. _92210 |
|
| 942 |
_2lcc _cBK |
||
| 999 |
_c42731 _d42731 |
||